000 00685nam a22002297a 4500
003 UA-OsUOA
001 86713
007 ta
008 20120910b un ||||| |||| 00| 0 ukr d
100 _aЧулинович Фердо
090 _a94 (497.5)
_bЧ89
942 _cBK
040 _aUA-OsUOA
_brus
_cUA-OsUOA
_dUA-OsUOA
245 _aКрестьянские восстания в Хорватии
_cКарасев В. Г.
300 _a244 с.
955 _a1
041 _arus
080 _a94 (497.5)
260 _aМ.
_bИ-во иностранной литературы
_c1959
650 7 _a9 Географія. Біографії. Історія
_2UDC
999 _c372871
_d372871